Climate justice Case Studies in Global and Regional Governance Challenges /

Bibliographic Details
Main Author: Abate, Randall S.
Format: eBook
Language:English
Published: Washington DC: Environmental Law Institute, 2016
Subjects:
Online Access:Acceso restringido

MARC

LEADER 00000nam a22000007a 4500
005 20220915235833.0
007 cr|||| ||||
008 220916s2016 us |||||s|||| 00||0 eng d
020 |a 978-1-58576-181-4 
035 |a 36363 
040 |a vLex 
090 |c 13913  |d 13913 
100 1 |a Abate, Randall S. 
245 1 0 |a  Climate justice  |h [Recurso electrn̤ico] :  |b Case Studies in Global and Regional Governance Challenges /  |c Randall S. Abate 
256 |a Servicio en ln̕ea 
260 |a Washington DC:  |b Environmental Law Institute,  |c 2016 
300 |a 1 recurso electrn̤ico 
500 |a Climate change is one of the most complex political, social, and environmental issues of this century, and climate change adaptation has become an increasingly large focus of global efforts. The international community's attention on adaptation has been primarily focused on developing countries' needs, with consensus that the world's most vulnerable communities―the urban and rural poor, low-lying island nations, and indigenous peoples―require additional protection. It was in response to this need for equity that "climate justice" emerged.Climate justice can be defined generally as addressing the disproportionate burden of climate change impacts on poor and marginalized communities. It seeks to promote more equitable allocation of the burdens of these impacts at the local, national, and global levels through proactive regulatory initiatives and reactive judicial remedies that draw on international human rights and domestic environmental justice theories. Yet, efforts to define climate justice as a field of inquiry can be elusive and underinclusive because the concept is so vast in scope.Climate Justice: Case Studies in Global and Regional Governance Challenges seeks to fill that void, providing an overview of the landscape of climate justice from a variety of legal and geographic perspectives in a case study format. Drawing on the expertise of 29 contributors from 16 countries, the book analyzes climate justice from an international law perspective and from the perspectives of legal responses to promote climate justice in several regions of the world, including Pacific island nations, South Asia, North America, Africa, and the Middle East. It addresses proposed solutions to a range of regulatory obstacles under international law, U.S. law, and foreign domestic law in seeking to promote climate justice on a global scale 
506 1 |a Disponible solo en los productos indicados  |d vLex Global  |d vLex Global (Academic Edition, excluding Law Schools)  |d vLex Global (Academic Edition, Law Schools) 
650 0 4 |a Derecho del Medio Ambiente  |z Estados Unidos 
740 0 |a vLex Libros (Servicio en ln̕ea) 
856 4 0 |u https://app.vlex.com/#/sources/36363  |z Acceso restringido 
942 |c BOOK 
999 0 |a Environmental Law